| 000 | 01165nam a2200301 i 4500 | ||
|---|---|---|---|
| 001 | 186189 | ||
| 003 | SpMaBN | ||
| 005 | 20250804063444.0 | ||
| 008 | 160915s2016 sp a |||| | spa d | ||
| 020 | _a978-84-7960-776-0 | ||
| 080 | _a821.134.2-31"19" | ||
| 100 | 1 |
_aGil-Delgado Crespo, José Enrique, _d1944- _9160882 |
|
| 245 | 1 | 0 |
_a--Y Shakespeare leyó El Quijote / _cJosé Enrique Gil-Delgado Crespo. |
| 250 | _a1ª ed. en Ediciones de la Torre. | ||
| 260 |
_aMadrid : _bEdiciones de la Torre, _c2016. |
||
| 300 |
_a373 p. : _bil. ; _c24 cm. |
||
| 490 | 1 |
_aNuestro mundo. _aFicción ; _v4 |
|
| 490 | 1 |
_aEdiciones de la Torre ; _v619 |
|
| 500 | _aÍndice. | ||
| 700 | 1 |
_aTrillo-Figueroa, Federico. _9111436 |
|
| 830 | 0 |
_aNuestro mundo. _aFicción ; _v4 _9225367 |
|
| 830 | 0 |
_aEdiciones de la Torre ; _v619 _9192503 |
|
| 852 |
_aES-MaACL _jA-13943 _9193242 _bR.151215 _cDEPO1 _dOlim: N-6943 _gDedicatoria autógrafa del autor _hDonación: José Enrique Gil- Delgado Crespo |
||
| 903 |
_aGil-Delgado Crespo, José Enrique, _d1944- _ednr _9160882 |
||
| 942 |
_2udc _cMONOGRAFIA |
||
| 999 |
_c186189 _d186189 |
||